000 00592nab a2200145Ia 4500
003 ES-SlBCS
005 20210601151009.0
008 140529s2012 xxu||||| |||| 00| 0 spa d
041 _aspa
100 1 _aOña Cots, José Manuel de
_9328659
245 0 0 _aEl desarrollo comunitario como práctica educativa y de participación. Análisis de una experiencia de trabajo comunitario de Cáritas Málaga en zonas de exclusión social
_c José Manuel de Oña Cots
650 0 4 _aDesarrollo Comunitario
_9238845
773 0 _tDocumentacion Social
_gnº. 164, 2012, págs. 159-174
_wRev166
942 _cAR
999 _c750164
_d750164